[Event "Olympiad-29"]
[Site "Novi Sad"]
[Date "1990.11.18"]
[Round "2"]
[White "Vanderwaeren, Serge"]
[Black "Ravisekhar, Raja"]
[Result "1/2-1/2"]
[WhiteElo "2365"]
[BlackElo "2405"]
[PlyCount "80"]
[EventDate "1990.11.17"]
[EventType "team-swiss"]
[EventRounds "14"]
[EventCountry "YUG"]
[SourceTitle "EXT 2019"]
[Source "ChessBase"]
[SourceDate "2018.10.10"]
[SourceVersion "1"]
[SourceVersionDate "2018.10.10"]
[SourceQuality "1"]
[WhiteTeam "Belgium"]
[BlackTeam "India"]
[WhiteTeamCountry "BEL"]
[BlackTeamCountry "IND"]

1. Nf3 Nf6 2. c4 d6 3. g3 e5 4. Bg2 Be7 5. 0-0 0-0 6. d3 Nc6 7. Nc3 h6 8. Rb1 a5 9. a3 Be6 10. b4 axb4 11. axb4 Qd7 12. b5 Nd4 13. e3 Nxf3+ 14. Qxf3 Rab8 15. e4 Bh3 16. Bxh3 Qxh3 17. Qg2 Qxg2+ 18. Kxg2 c6 19. Be3 Ng4 20. Ba7 Ra8 21. Ra1 Nf6 22. bxc6 bxc6 23. Rfb1 Rfd8 24. Bb6 Rxa1 25. Rxa1 Rb8 26. Ra6 Nd7 27. Na4 Nxb6 28. Nxb6 f6 29. Kf3 Kf7 30. Ke3 Ke6 31. c5 dxc5 32. Nc4 Rc8 33. Ra7 g6 34. Rb7 Ra8 35. Rb6 Kd7 36. Kd2 Kc7 37. Kc2 Ra1 38. Rb1 Ra2+ 39. Rb2 Ra1 40. Rb1 Ra8 1/2-1/2

[Event "Asia zt"]
[Site "India"]
[Date "1990.??.??"]
[Round "?"]
[White "Ravisekhar, Raja"]
[Black "Ravi, Lanka"]
[Result "1/2-1/2"]
[WhiteElo "2380"]
[BlackElo "2415"]
[PlyCount "39"]
[EventDate "1990.??.??"]
[EventType "swiss"]
[EventRounds "9"]
[EventCountry "IND"]
[SourceTitle "EXT 2004"]
[Source "ChessBase"]
[SourceDate "2003.11.25"]
[SourceVersion "1"]
[SourceVersionDate "2003.11.25"]
[SourceQuality "1"]

1. d4 Nf6 2. Nf3 e6 3. g3 c5 4. Bg2 Nc6 5. 0-0 d5 6. b3 cxd4 7. Nxd4 Bc5 8. Bb2 0-0 9. e3 Qe7 10. Nd2 Rd8 11. N2f3 Bd7 12. Nxc6 Bxc6 13. Qe2 Rac8 14. Ne5 Be8 15. Rfd1 b5 16. Rac1 Ba3 17. c3 Rc7 18. b4 Bxb2 19. Qxb2 Qd6 20. c4 1/2-1/2

[Event "Olympiad-28"]
[Site "Thessaloniki"]
[Date "1988.11.21"]
[Round "8"]
[White "Antonio, Rogelio Jr"]
[Black "Ravisekhar, Raja"]
[Result "1-0"]
[WhiteElo "2325"]
[BlackElo "2325"]
[PlyCount "85"]
[EventDate "1988.11.13"]
[EventType "team-swiss"]
[EventRounds "14"]
[EventCountry "GRE"]
[SourceTitle "TD"]
[Source "ChessBase"]
[SourceDate "1994.03.01"]
[SourceVersion "1"]
[SourceVersionDate "1994.03.01"]
[SourceQuality "1"]
[WhiteTeam "Philippines"]
[BlackTeam "India"]
[WhiteTeamCountry "PHI"]
[BlackTeamCountry "IND"]

1. e4 g6 2. d4 Bg7 3. Nc3 c6 4. Bc4 d6 5. Bb3 Nf6 6. a4 0-0 7. Nge2 e5 8. dxe5 dxe5 9. Qxd8 Rxd8 10. f3 Na6 11. Be3 Nc7 12. Kf2 Be6 13. Rhd1 Rxd1 14. Rxd1 Bf8 15. Nc1 Bxb3 16. Nxb3 b6 17. g4 Ne6 18. a5 Rb8 19. g5 Ne8 20. Rd7 N8c7 21. axb6 axb6 22. Nd5 cxd5 23. exd5 b5 24. dxe6 Nxe6 25. Nd2 b4 26. Ne4 Rc8 27. c3 bxc3 28. bxc3 Rb8 29. Nf6+ Kg7 30. Ng4 Rb2+ 31. Ke1 Bc5 32. Bd2 Nf8 33. Rd5 Ne6 34. Nxe5 Rb1+ 35. Ke2 Rb2 36. Nd3 Ra2 37. Rxc5 Nxc5 38. Nxc5 f6 39. h4 fxg5 40. hxg5 Kf7 41. Kd3 Ke7 42. Bf4 Rf2 43. Ke4 1-0

[Event "IND-ch"]
[Site "India"]
[Date "1988.??.??"]
[Round "?"]
[White "Koshy, Varugeese"]
[Black "Ravisekhar, Raja"]
[Result "1/2-1/2"]
[WhiteElo "2330"]
[BlackElo "2355"]
[PlyCount "105"]
[EventDate "1988.??.??"]
[EventType "tourn"]
[EventRounds "19"]
[EventCountry "IND"]
[EventCategory "4"]
[SourceTitle "EXT 1997"]
[Source "ChessBase"]
[SourceDate "1996.11.15"]
[SourceVersion "1"]
[SourceVersionDate "1996.11.15"]
[SourceQuality "1"]

1. c4 e5 2. g3 Nc6 3. Bg2 f5 4. d3 Nf6 5. Nc3 g6 6. e3 Bg7 7. Nge2 0-0 8. 0-0 d6 9. b3 Be6 10. Nd5 Rb8 11. Bb2 Ne7 12. Nxf6+ Bxf6 13. f4 c6 14. Qd2 Qc7 15. Rac1 Rbd8 16. d4 Bc8 17. d5 exf4 18. Bxf6 Rxf6 19. Nxf4 c5 20. Rce1 Rdf8 21. Rf2 g5 22. Nh5 Rh6 23. g4 Ng6 24. gxf5 Ne5 25. Qe2 Rxf5 26. Ref1 Rxf2 27. Qxf2 Qe7 28. Nf6+ Kg7 29. Ne4 Rg6 30. Ng3 Ng4 31. Qb2+ Kg8 32. Bh3 Qxe3+ 33. Kh1 h5 34. Qc2 Rg7 35. Qg2 Qe8 36. Ne4 Qe5 37. Bxg4 hxg4 38. Nf6+ Kh8 39. Nxg4 Bxg4 40. Qxg4 Re7 41. h4 gxh4 42. Qg6 Qe4+ 43. Qxe4 Rxe4 44. Rf6 a6 45. Rxd6 b5 46. cxb5 axb5 47. Rc6 c4 48. bxc4 bxc4 49. a4 Rd4 50. d6 Kg7 51. a5 Kf7 52. a6 Ke6 53. a7 1/2-1/2

[Event "IND-ch"]
[Site "India"]
[Date "1988.??.??"]
[Round "?"]
[White "Mohanty, Pabitra M"]
[Black "Ravisekhar, Raja"]
[Result "1/2-1/2"]
[WhiteElo "2350"]
[BlackElo "2355"]
[PlyCount "92"]
[EventDate "1988.??.??"]
[EventType "tourn"]
[EventRounds "19"]
[EventCountry "IND"]
[EventCategory "4"]
[SourceTitle "EXT 1997"]
[Source "ChessBase"]
[SourceDate "1996.11.15"]
[SourceVersion "1"]
[SourceVersionDate "1996.11.15"]
[SourceQuality "1"]

1. d4 d5 2. c4 dxc4 3. Nf3 Nf6 4. e3 g6 5. Bxc4 Bg7 6. 0-0 0-0 7. b3 c5 8. Bb2 cxd4 9. Nxd4 a6 10. Nd2 b5 11. Be2 Bb7 12. Bf3 Qb6 13. Bxb7 Qxb7 14. Qf3 Ra7 15. Rac1 Rd8 16. Qxb7 Rxb7 17. N2f3 Ne4 18. Rc2 Rbd7 19. Re1 h6 20. h3 Kh7 21. g4 e5 22. Ne2 Nd2 23. Nh2 b4 24. Kg2 Ne4 25. Nf3 f6 26. Rec1 a5 27. Ng3 Nxg3 28. Kxg3 Na6 29. h4 g5 30. hxg5 hxg5 31. Rc6 Rd6 32. Bxe5 fxe5 33. Nxg5+ Kg8 34. Ne4 Rxc6 35. Rxc6 Ra8 36. g5 Ra7 37. f4 exf4+ 38. exf4 Re7 39. Kf3 Nc7 40. f5 Nb5 41. Rc8+ Kh7 42. f6 Rxe4 43. fxg7 Kxg7 44. Kxe4 Nd6+ 45. Kd5 Nxc8 46. Kc5 Ne7 1/2-1/2

[Event "IND-ch"]
[Site "India"]
[Date "1988.??.??"]
[Round "?"]
[White "Murugan, Krishnamoorthy"]
[Black "Ravisekhar, Raja"]
[Result "1/2-1/2"]
[WhiteElo "2325"]
[BlackElo "2355"]
[PlyCount "68"]
[EventDate "1988.??.??"]
[EventType "tourn"]
[EventRounds "19"]
[EventCountry "IND"]
[EventCategory "4"]
[SourceTitle "EXT 1997"]
[Source "ChessBase"]
[SourceDate "1996.11.15"]
[SourceVersion "1"]
[SourceVersionDate "1996.11.15"]
[SourceQuality "1"]

1. d4 d5 2. c4 c6 3. cxd5 cxd5 4. Nf3 Nc6 5. Nc3 Nf6 6. Bf4 e6 7. e3 Bd6 8. Bxd6 Qxd6 9. Be2 0-0 10. 0-0 Bd7 11. Rc1 Rfc8 12. Qd3 h6 13. Qb1 Be8 14. a3 Na5 15. Nd2 Nc4 16. Nxc4 dxc4 17. Bf3 Rab8 18. Ne4 Nxe4 19. Bxe4 b5 20. Qc2 Bc6 21. Bxc6 Rxc6 22. Rfd1 a5 23. h3 b4 24. axb4 Qxb4 25. Rd2 Rcb6 26. g3 g6 27. h4 h5 28. Qc3 Qxc3 29. Rxc3 Rxb2 30. Rxb2 Rxb2 31. Rxc4 Ra2 32. e4 a4 33. d5 exd5 34. exd5 Rd2 1/2-1/2

[Event "IND-ch"]
[Site "India"]
[Date "1988.??.??"]
[Round "?"]
[White "Ravi, Lanka"]
[Black "Ravisekhar, Raja"]
[Result "0-1"]
[WhiteElo "2320"]
[BlackElo "2355"]
[PlyCount "72"]
[EventDate "1988.??.??"]
[EventType "tourn"]
[EventRounds "19"]
[EventCountry "IND"]
[EventCategory "4"]
[SourceTitle "EXT 1997"]
[Source "ChessBase"]
[SourceDate "1996.11.15"]
[SourceVersion "1"]
[SourceVersionDate "1996.11.15"]
[SourceQuality "1"]

1. d4 d5 2. c4 dxc4 3. e4 e5 4. Nf3 exd4 5. Bxc4 Bb4+ 6. Nbd2 Nc6 7. 0-0 Qf6 8. e5 Qg6 9. Nh4 Qg4 10. Ndf3 Be6 11. h3 Qe4 12. Bd3 Qd5 13. Bf4 Nge7 14. a3 Ba5 15. Rc1 h6 16. b4 Bb6 17. b5 Na5 18. Nd2 g5 19. Bg3 gxh4 20. Bxh4 Bf5 21. Qc2 Rg8 22. g4 Ng6 23. Bxf5 Nxh4 24. Be4 d3 25. Qc3 Qe6 26. Kh2 h5 27. g5 0-0-0 28. f4 Rd4 29. Rcd1 Kb8 30. Bh1 Rxg5 31. Ne4 Rg8 32. Nf6 Rgd8 33. Qe1 Nf5 34. Nxh5 Rc4 35. Rd2 Rc2 36. Qd1 Ne3 0-1

[Event "IND-ch"]
[Site "India"]
[Date "1988.??.??"]
[Round "?"]
[White "Ravisekhar, Raja"]
[Black "Mithrakanth, Poorna Sharma"]
[Result "1/2-1/2"]
[WhiteElo "2355"]
[BlackElo "2320"]
[PlyCount "29"]
[EventDate "1988.??.??"]
[EventType "tourn"]
[EventRounds "19"]
[EventCountry "IND"]
[EventCategory "4"]
[SourceTitle "EXT 1997"]
[Source "ChessBase"]
[SourceDate "1996.11.15"]
[SourceVersion "1"]
[SourceVersionDate "1996.11.15"]
[SourceQuality "1"]

1. d4 Nf6 2. c4 e6 3. Nf3 b6 4. g3 Bb7 5. Bg2 Be7 6. 0-0 0-0 7. Nc3 Ne4 8. Nxe4 Bxe4 9. Ne1 Bxg2 10. Nxg2 d6 11. e4 Nd7 12. Be3 c5 13. Qd2 Qc7 14. b3 Nf6 15. f3 1/2-1/2

[Event "IND-ch"]
[Site "India"]
[Date "1988.??.??"]
[Round "?"]
[White "Ravisekhar, Raja"]
[Black "Ravi, Thandalam Shanmugam"]
[Result "1/2-1/2"]
[WhiteElo "2355"]
[BlackElo "2215"]
[PlyCount "88"]
[EventDate "1988.??.??"]
[EventType "tourn"]
[EventRounds "19"]
[EventCountry "IND"]
[EventCategory "4"]
[SourceTitle "EXT 1997"]
[Source "ChessBase"]
[SourceDate "1996.11.15"]
[SourceVersion "1"]
[SourceVersionDate "1996.11.15"]
[SourceQuality "1"]

1. Nf3 d5 2. b3 Nf6 3. Bb2 e6 4. e3 Be7 5. d4 0-0 6. Bd3 b6 7. 0-0 Bb7 8. c4 c5 9. Nbd2 Nc6 10. Rc1 cxd4 11. exd4 Rc8 12. Qe2 Re8 13. Rfd1 Bd6 14. Ne5 Ne7 15. f4 Ng6 16. g3 dxc4 17. bxc4 Qc7 18. Ne4 Nxe4 19. Bxe4 Bxe5 20. fxe5 Ba6 21. Bd3 Qc6 22. h4 Rc7 23. Kh2 Rec8 24. Ba3 Qa4 25. Bd6 Rc6 26. c5 Bxd3 27. Rxd3 bxc5 28. Rxc5 Nf8 29. Rxc6 Rxc6 30. Bc5 Qc4 31. Rd2 Qxe2+ 32. Rxe2 Nd7 33. Rb2 h6 34. Bxa7 Rc7 35. Bb8 Nxb8 36. Rxb8+ Kh7 37. Rb2 Kg6 38. g4 h5 39. Kg3 Rc3+ 40. Kf4 hxg4 41. Rg2 Kh6 42. Rxg4 Rc2 43. a3 Rf2+ 44. Ke4 Re2+ 1/2-1/2

[Event "New Delhi"]
[Site "New Delhi"]
[Date "1987.??.??"]
[Round "?"]
[White "Geller, Efim P"]
[Black "Ravisekhar, Raja"]
[Result "1-0"]
[WhiteElo "2515"]
[BlackElo "2365"]
[PlyCount "101"]
[EventDate "1987.11.??"]
[EventType "tourn"]
[EventRounds "11"]
[EventCountry "IND"]
[EventCategory "8"]
[SourceTitle "TD"]
[Source "ChessBase"]
[SourceDate "1994.03.01"]
[SourceVersion "1"]
[SourceVersionDate "1994.03.01"]
[SourceQuality "1"]

1. e4 c5 2. Nf3 d6 3. d4 cxd4 4. Nxd4 Nf6 5. Nc3 g6 6. g3 Nc6 7. Nde2 Bg4 8. Bg2 Qd7 9. h3 Bxe2 10. Qxe2 Bg7 11. 0-0 0-0 12. Be3 Rfc8 13. Rad1 Qe8 14. Nd5 Rab8 15. c4 b6 16. b3 Nd7 17. Qd2 Qf8 18. f4 a6 19. Rc1 Nc5 20. Rfd1 Nd7 21. Qf2 Nc5 22. Kh2 a5 23. Qe2 Qe8 24. Bf2 Nd7 25. Nc3 Nc5 26. Nb5 a4 27. Rb1 axb3 28. axb3 Na6 29. Be3 Nc5 30. b4 Nd7 31. Qd2 Nf8 32. Qf2 Nd7 33. Rd3 Nd8 34. Qa2 Nf8 35. Ra3 Nc6 36. Qb3 Ne6 37. Rd1 Nc7 38. Nxc7 Rxc7 39. Ra6 b5 40. c5 dxc5 41. Bxc5 Qc8 42. Ra2 Rd7 43. e5 Rxd1 44. Qxd1 Bf8 45. Qh1 Nd8 46. Ba7 Ne6 47. Bd5 Ng7 48. Bxb8 Qxb8 49. Qc1 Ne8 50. Ra8 Qc7 51. Qc6 1-0

[Event "New Delhi"]
[Site "New Delhi"]
[Date "1987.??.??"]
[Round "?"]
[White "Ravisekhar, Raja"]
[Black "Csom, Istvan"]
[Result "0-1"]
[WhiteElo "2365"]
[BlackElo "2480"]
[PlyCount "88"]
[EventDate "1987.11.??"]
[EventType "tourn"]
[EventRounds "11"]
[EventCountry "IND"]
[EventCategory "8"]
[SourceTitle "TD"]
[Source "ChessBase"]
[SourceDate "1994.03.01"]
[SourceVersion "1"]
[SourceVersionDate "1994.03.01"]
[SourceQuality "1"]

1. d4 Nf6 2. Nc3 d5 3. Bg5 Nbd7 4. Nf3 c6 5. e3 Qa5 6. Nd2 g6 7. f4 Bg7 8. Bd3 Nf8 9. 0-0 Bf5 10. a3 Ne6 11. Bh4 Ng4 12. Nb3 Qc7 13. Qf3 h5 14. h3 Bxd3 15. cxd3 Nxe3 16. Qxe3 Qb6 17. Na4 Qxb3 18. Nc5 Bxd4 19. Qxd4 Nxd4 20. Nxb3 Nxb3 21. Rae1 e6 22. f5 gxf5 23. Rxf5 Nc5 24. Rf3 Nd7 25. d4 Rg8 26. Rf4 Rh8 27. Rf3 Rh6 28. Rg3 Kf8 29. Rf1 Re8 30. Rgf3 f5 31. Kf2 Rg6 32. g3 Kf7 33. Ke3 Nb6 34. b3 Nc8 35. Kf4 Nd6 36. Ke5 Ne4 37. Rd1 Reg8 38. Rdd3 Ke8 39. Rde3 Kd7 40. Rd3 R8g7 41. Rde3 b6 42. Rd3 Nd6 43. Kf4 Rg8 44. Rde3 Nb5 0-1

[Event "New Delhi"]
[Site "New Delhi"]
[Date "1987.??.??"]
[Round "?"]
[White "Ravisekhar, Raja"]
[Black "Hegde, Ravi Gopal"]
[Result "1/2-1/2"]
[WhiteElo "2365"]
[BlackElo "2345"]
[PlyCount "96"]
[EventDate "1987.11.??"]
[EventType "tourn"]
[EventRounds "11"]
[EventCountry "IND"]
[EventCategory "8"]
[SourceTitle "TD"]
[Source "ChessBase"]
[SourceDate "1994.03.01"]
[SourceVersion "1"]
[SourceVersionDate "1994.03.01"]
[SourceQuality "1"]

1. e4 e5 2. Nf3 Nc6 3. Bb5 a6 4. Ba4 Nf6 5. 0-0 Be7 6. Re1 b5 7. Bb3 d6 8. c3 0-0 9. h3 Bb7 10. d4 Re8 11. Nbd2 h6 12. Nf1 Bf8 13. Ng3 Na5 14. Bc2 c5 15. b3 Nc6 16. d5 Ne7 17. a4 Qc7 18. Qe2 Reb8 19. Bd3 b4 20. cxb4 cxb4 21. Be3 Rc8 22. Rac1 Qd8 23. Rxc8 Nxc8 24. Nd2 g6 25. Rc1 Nd7 26. Nc4 a5 27. Nd2 Ne7 28. Bb5 Rc8 29. Rxc8 Nxc8 30. Bxd7 Qxd7 31. Qb5 Qxb5 32. axb5 f5 33. exf5 Bxd5 34. fxg6 Kg7 35. f4 Kxg6 36. f5+ Kg7 37. Ne2 h5 38. g4 hxg4 39. hxg4 Be7 40. g5 Bd8 41. Kf2 Nb6 42. Ng3 a4 43. bxa4 b3 44. g6 Kg8 45. f6 Nxa4 46. f7+ Bxf7 47. gxf7+ Kxf7 48. Nxb3 Bb6 1/2-1/2

[Event "New Delhi"]
[Site "New Delhi"]
[Date "1987.??.??"]
[Round "?"]
[White "Ravisekhar, Raja"]
[Black "Vasiukov, Evgeni"]
[Result "1/2-1/2"]
[WhiteElo "2395"]
[BlackElo "2490"]
[PlyCount "59"]
[EventDate "1987.11.??"]
[EventType "tourn"]
[EventRounds "11"]
[EventCountry "IND"]
[EventCategory "8"]
[SourceTitle "TD"]
[Source "ChessBase"]
[SourceDate "1994.03.01"]
[SourceVersion "1"]
[SourceVersionDate "1994.03.01"]
[SourceQuality "1"]

1. Nf3 f5 2. g3 Nf6 3. Bg2 g6 4. 0-0 Bg7 5. c4 d6 6. Nc3 e5 7. d3 0-0 8. Rb1 h6 9. b4 g5 10. a4 a5 11. b5 Nbd7 12. Ba3 Qe7 13. Nd2 Rb8 14. Rc1 b6 15. e3 Kh8 16. Qc2 Qf7 17. Nd5 Nxd5 18. cxd5 Nc5 19. Qc4 Rb7 20. d4 exd4 21. exd4 Nd7 22. f4 Nf6 23. Rce1 Re8 24. Bc1 g4 25. Nb1 Bd7 26. Nc3 Rbb8 27. Qd3 Rbd8 28. Bd2 h5 29. Rxe8+ Rxe8 30. Re1 1/2-1/2

[Event "New Delhi"]
[Site "New Delhi"]
[Date "1987.??.??"]
[Round "?"]
[White "Vaisser, Anatoli"]
[Black "Ravisekhar, Raja"]
[Result "1/2-1/2"]
[WhiteElo "2490"]
[BlackElo "2365"]
[PlyCount "69"]
[EventDate "1987.11.??"]
[EventType "tourn"]
[EventRounds "11"]
[EventCountry "IND"]
[EventCategory "8"]
[SourceTitle "TD"]
[Source "ChessBase"]
[SourceDate "1994.03.01"]
[SourceVersion "1"]
[SourceVersionDate "1994.03.01"]
[SourceQuality "1"]

1. d4 Nf6 2. c4 e6 3. Nc3 Bb4 4. e3 b6 5. Nge2 Ne4 6. Qc2 Bb7 7. a3 Bxc3+ 8. Nxc3 Nxc3 9. Qxc3 0-0 10. b4 d6 11. Bb2 Qh4 12. d5 e5 13. g3 Qe7 14. f4 f6 15. Bg2 c6 16. Qd3 Kh8 17. 0-0 cxd5 18. Bxd5 Nc6 19. Qe4 Rac8 20. Rac1 Ba8 21. fxe5 Nxe5 22. Bxe5 Bxd5 23. cxd5 Rxc1 24. Rxc1 fxe5 25. Rf1 g6 26. Qc4 Rxf1+ 27. Kxf1 Kg7 28. Ke2 h5 29. h4 e4 30. Qd4+ Qe5 31. Qxe5+ dxe5 32. b5 Kf7 33. Kd2 Ke7 34. Kc3 Kd6 35. Kc4 1/2-1/2

[Event "BCF-ch"]
[Site "Southampton"]
[Date "1986.??.??"]
[Round "9"]
[White "Allen, Keith"]
[Black "Ravisekhar, Raja"]
[Result "1/2-1/2"]
[WhiteElo "2225"]
[BlackElo "2395"]
[PlyCount "128"]
[EventDate "1986.07.28"]
[EventType "swiss"]
[EventRounds "11"]
[EventCountry "ENG"]
[SourceTitle "EXT 1999"]
[Source "ChessBase"]
[SourceDate "1998.11.16"]
[SourceVersion "1"]
[SourceVersionDate "1998.11.16"]
[SourceQuality "1"]

1. d4 Nf6 2. c4 d6 3. Nc3 Nbd7 4. Nf3 e5 5. e3 Be7 6. Be2 0-0 7. 0-0 Re8 8. Qc2 c6 9. Rd1 Qc7 10. b4 b6 11. a4 a5 12. b5 c5 13. dxe5 dxe5 14. Bb2 Bb7 15. e4 Rad8 16. g3 Bd6 17. Nd5 Bxd5 18. cxd5 g6 19. Nd2 Bf8 20. Nc4 Bg7 21. Bf3 h5 22. Bc3 Nh7 23. Bg2 Bh6 24. Rf1 f6 25. h4 Ndf8 26. Rad1 Rd7 27. Qa2 Kh8 28. Bh3 Rdd8 29. Qb2 Bg7 30. Bg2 Rb8 31. f4 Nd7 32. d6 Qd8 33. Rd5 Kg8 34. fxe5 fxe5 35. Nxe5 Bxe5 36. Rxe5 Nxe5 37. Bxe5 Qd7 38. Kh2 g5 39. Qb3+ Qe6 40. Qxe6+ Rxe6 41. Bc3 Rxd6 42. Be5 Rbd8 43. Bxd6 Rxd6 44. e5 Rd2 45. hxg5 Kg7 46. Kg1 Re2 47. Rd1 Nxg5 48. Rd6 c4 49. Rc6 c3 50. Rxc3 Rxe5 51. Rc6 Re6 52. Bd5 Rf6 53. Kg2 Kg6 54. Bc4 Kf5 55. Be2 Rxc6 56. bxc6 Ke6 57. Bxh5 Kd6 58. c7 Kxc7 59. g4 b5 60. axb5 a4 61. Bg6 a3 62. Bb1 Kb6 63. Ba2 Kxb5 64. Kg3 Kb4 1/2-1/2

[Event "Bhilwara"]
[Site "New Delhi"]
[Date "1986.??.??"]
[Round "?"]
[White "Anand, Viswanathan"]
[Black "Ravisekhar, Raja"]
[Result "1-0"]
[WhiteElo "2405"]
[BlackElo "2390"]
[PlyCount "113"]
[EventDate "1986.??.??"]
[EventType "tourn"]
[EventRounds "11"]
[EventCountry "IND"]
[EventCategory "7"]
[SourceTitle "EXT 1999"]
[Source "ChessBase"]
[SourceDate "1998.11.16"]
[SourceVersion "1"]
[SourceVersionDate "1998.11.16"]
[SourceQuality "1"]

1. e4 e5 2. Bc4 Nc6 3. Nc3 Bc5 4. Qg4 Kf8 5. Qg3 d6 6. Nge2 Nd4 7. Nxd4 exd4 8. Na4 Be6 9. Bxe6 fxe6 10. Nxc5 dxc5 11. Qb3 Qc8 12. Qf3+ Ke7 13. Qg3 Kf7 14. Qf4+ Kg6 15. Qg4+ Kf6 16. d3 b6 17. h4 Kf7 18. Qf3+ Ke8 19. Qh5+ Kf8 20. Bg5 Qe8 21. Qf3+ Qf7 22. Qg3 Nf6 23. 0-0-0 h6 24. Bd2 Kg8 25. Kb1 Rf8 26. Qh3 Rh7 27. h5 Kh8 28. f4 Ng8 29. g4 e5 30. g5 hxg5 31. fxg5 g6 32. Rdf1 Qe8 33. Rxf8 Qxf8 34. h6 Qe8 35. b3 a5 36. Be1 Qe7 37. Bd2 Rf7 38. Rf1 Rxf1+ 39. Qxf1 Kh7 40. Kb2 Qe8 41. a4 Qe7 42. Qf3 Kh8 43. Qg4 Kh7 44. Be1 c6 45. Bg3 b5 46. Be1 bxa4 47. bxa4 c4 48. dxc4 c5 49. Bxa5 Qb7+ 50. Kc1 Ne7 51. Qe6 Nc6 52. Bd2 Qc7 53. Qf6 Qd7 54. a5 Qc7 55. a6 Nb8 56. Ba5 Qd7 57. Bd8 1-0

[Event "BCF-ch"]
[Site "Southampton"]
[Date "1986.??.??"]
[Round "1"]
[White "Rahman, Ziaur"]
[Black "Ravisekhar, Raja"]
[Result "0-1"]
[WhiteElo "2305"]
[BlackElo "2395"]
[PlyCount "58"]
[EventDate "1986.07.28"]
[EventType "swiss"]
[EventRounds "11"]
[EventCountry "ENG"]
[SourceTitle "EXT 1999"]
[Source "ChessBase"]
[SourceDate "1998.11.16"]
[SourceVersion "1"]
[SourceVersionDate "1998.11.16"]
[SourceQuality "1"]

1. e4 c5 2. Nf3 d6 3. d4 cxd4 4. Nxd4 Nf6 5. Nc3 g6 6. Be2 Bg7 7. 0-0 0-0 8. Kh1 Nc6 9. Nb3 a5 10. a4 Be6 11. f4 Qc8 12. Bf3 Nb4 13. Be3 Bg4 14. Rf2 Bxf3 15. gxf3 Qh3 16. Nd4 Ng4 17. Qd2 Nxf2+ 18. Qxf2 e5 19. Ndb5 Nxc2 20. Rd1 Nxe3 21. Qxe3 exf4 22. Qe2 Rad8 23. Nxd6 Be5 24. Ncb5 Qe6 25. Nxb7 Rxd1+ 26. Qxd1 Qb6 27. Qd5 Rc8 28. N7d6 Rc1+ 29. Kg2 Qg1+ 0-1